01021nam a2200241Ia 4500001000600000003000900006008004100015040001300056040001300069041001300082100002100095100002900116245002300145245002300168250001100191260001100202260001500213260004900228300005700277500038600334650002800720650003100748B2797IT-RoPAU130308s9999 xx 000 0 und d aIT-RoPAU cIT-RoPAU aITALIANO aRondolino Gianni gCodice Aut. SPICS: 1908 aRoberto Rossellini bRoberto Rossellini a1a ed. aMILANO bIl Castoro c1995 [1° Ed.:1995 - Ed.Ling.Originale:1995] a"136 p. (prefazione: no ; testo: 136 [pagine: 0-0])" aMonografia del regista Italiano. Dichiarazioni del Regista. La Formazione.La trilogia della Guerra Fascista. Dal Fascismo All'Antifascismo. Roma Città Aperta. Paisà. Germania Anno Zero. La favola e Il Misticismo. La trilogia della Solitudine. Dal Teatro All'India. Verso un Cinema Didattico. La Televisione. ritorno al Cinema. Dati e Critica dei Film. Filmografia. Videografia. aAUTORI/OPERE DEL CINEMA eCodice materia Spics: 6807